[Event "IRI-ch U16"]
[Site "Chess.com INT"]
[Date "2021.01.16"]
[Round "1"]
[White "Navidi, Parsa"]
[Black "Teymori, Mohammad Reza"]
[Result "1-0"]
[WhiteElo "1810"]
[BlackElo "1264"]
[PlyCount "49"]
[EventDate "2021.01.16"]
[EventType "swiss"]
[EventRounds "11"]
[EventCountry "IRI"]
[SourceTitle "EXT 2022"]
[Source "ChessBase"]
[SourceDate "2021.10.06"]
[SourceVersion "1"]
[SourceVersionDate "2021.10.06"]
[SourceQuality "1"]

1. e4 e5 2. Nf3 Nc6 3. d4 exd4 4. Nxd4 Nxd4 5. Qxd4 d6 6. Bb5+ Bd7 7. Bxd7+ Qxd7 8. Nc3 Nf6 9. h3 Be7 10. Be3 h6 11. 0-0-0 Qc6 12. Rhe1 0-0 13. Kb1 Nh7 14. Nd5 Bf6 15. Nxf6+ Nxf6 16. Bxh6 Qc5 17. Qxc5 dxc5 18. Bg5 Nh7 19. Be7 Rfe8 20. Bxc5 b6 21. Bb4 c5 22. Bc3 Re7 23. f3 Rae8 24. Rd5 f5 25. Rxf5 1-0